Statistics for What Country is/was not in __Group

Click here to take the quiz!

General Stats

  • This quiz has been taken 21 times
  • The average score is 6 of 10

Answer Stats

QuestionAnswer% Correct
which of these countries are not in The European unionAlbania
95%
Which country is not in the UN (united nations)Kosovo
80%
Which of these are Not in NATOMoldova
80%
Which country was not in BRICSChile
75%
which of these countries are not in The G7Poland
75%
Which of these countries is not in OECDAlbania
70%
Which country was not in the Warsaw PactAustria
55%
which of these countries are not in The Latin unionGuyana
45%
which of these countries are not in The Arab LeagueIran
45%
which of these countries are not in The Non-Aligned MovementArmenia
20%

Score Distribution

Percentile by Number Answered

Percent of People with Each Score

Your Score History

You have not taken this quiz